00192 a2200097 450000100060000008200120000610000220001824500170004026000260005730000110008364344 a530 SHE aShepherd Michael aPhysics GCSE aLondonbCharlesc1987 a201 p.